MARC

LEADER 00000nam0a2200000 4500
001 287407
005 20231102000003.0
020 |a RU  |b 85-73111 
035 |a (RuTPU)RU\TPU\book\311806 
090 |a 287407 
100 |a 20150316d1985 km y0rusy5003 ca 
101 0 |a rus 
102 |a RU 
105 |a a z 001zy 
200 1 |a Подземные механизированные бункера  |f Р. В. Мерцалов [и др.] 
210 |a Москва  |c Недра  |d 1985 
215 |a 224 с.  |c ил. 
300 |a Авт. указаны на обороте тит. л. 
320 |a Библиогр.: с. 222-223 
606 1 |a Бункера  |x Автоматический контроль  |2 stltpush  |3 (RuTPU)RU\TPU\subj\30220  |9 53354 
610 1 |a бункера подземные 
610 1 |a назначение 
610 1 |a конструкции 
610 1 |a расчет 
610 1 |a эксплуатация 
610 1 |a механизация 
610 1 |a структурообразование 
675 |a 622.693  |z rus  |v 4 
701 1 |a Мерцалов  |b Р. В.  |g Ростислав Владимирович 
701 1 |a Солод  |b Г. И.  |g Григорий Иванович 
701 1 |a Трухин  |b П. М.  |g Петр Михайлович 
701 1 |a Син  |b М. П. 
801 0 |a RU  |b RuMRKP  |c 19950704  |g psbo 
801 1 |a RU  |b 63413507  |c 20150316 
801 2 |a RU  |b 63413507  |c 20171123  |g RCR 
942 |c BK